Holubí mambo

Saved in:
Bibliographic Details
Main Author Payne, C.D
Format Electronic eBook
LanguageCzech
Published Jota 2005
Edition1. elektronické vydání
Subjects
Online AccessDostupné v BOOKPORT po přihlášení pomocí eduID
ISBN978-80-7217-850-6
978-80-7217-383-9
Physical Description1 online zdroj (224 stran)

Cover

LEADER 00000nam a2200000 i 4500
001 bkp260047988
003 CZ-prgp
005 20170915175323.0
006 m o d
007 cr cn
008 170915s2005 xr o 000 1 cze
020 |a 978-80-7217-850-6  |c 159 Kč  |q (online ; epub) 
020 |a 978-80-7217-383-9  |c 196 Kč  |q (print) 
040 |a Grada  |b cze  |e rda 
100 1 |a Payne, C.D. 
245 1 0 |a Holubí mambo  |c C.D. Payne 
250 |a 1. elektronické vydání 
264 1 |b Jota  |c 2005 
300 |a 1 online zdroj (224 stran) 
336 |a text  |b txt  |2 rdacontent 
337 |a počítač  |b c  |2 rdamedia 
338 |a online zdroj  |b cr  |2 rdacarrier 
520 3 |a To si tak v klidu sedíte, pijete kvalitní sherry, kouříte, plkáte o životě a najednou se rozrazí dveře, do místnosti vtrhne banda ochránců přírody a vykopne vás na mráz. Hrozná představa! Zvlášť, když jste holub a nevíte o tom... S vypuštěním "na svobodu" se holubům od základu změní život a chvíli se zdá, že rozhodně nehodlají hrát roli hodných hochů. Pak se ale zapojí sokoli, andulky a vůbec vznikne neuvěřitelný kolotoč náhod a vtipných situací. Nemáte rádi holuby? Pak věřte, že po Holubím mambu změníte názor a začnete jim fandit. Příběh o laboratorních holubech? Bajka? Nuda? Ne, pokud se tématu a formy chopí autor Mládí v hajzlu! Čekejte jednu z nejvtipnějších knih, která se vám kdy dostala do ruky, a zároveň namnoze šokující pohled na nás samé. 
650 0 4 |a Humor, satira 
856 4 0 |u https://www.bookport.cz/AccountSaml/SignIn/?idp=https://shibboleth.utb.cz/idp/shibboleth&returnUrl=/kniha/holubi-mambo-3862/  |y Dostupné v BOOKPORT po přihlášení pomocí eduID